000 00561nam a2200229Ia 4500
003 OSt
005 20221005121024.0
006 a|||||r|||| 00| 0
007 ta
008 221004b |||||||| |||| 00| 0 eng d
024 _a59299
037 _cTextual
040 _aCRL
_cCRL
_beng
041 _2eng
_aeng
082 _aV2:25xM69:9, H7
100 _aRao R V
_9130788
245 0 _aGandhian institutions of Wardha
260 _c1947
650 _aHISTORY
942 _hV2:25xM69:9, H7
_cTEXL
_2cc
999 _c1039861
_d1039861